Back-To-Back F1 World Champions - Statistics

General Stats
  • This quiz has been taken 205 times
  • The average score is 10 of 11
Answer Stats
Hint Answer % Correct
2014 & 2015 Lewis Hamilton
99%
2021 & 2022 Max Verstappen
99%
1994 & 1995 Michael Schumacher
98%
2005 & 2006 Fernando Alonso
96%
2010 & 2011 Sebastian Vettel
96%
1990 & 1991 Ayrton Senna
95%
1985 & 1986 Alain Prost
93%
1998 & 1999 Mika Hakkinen
89%
1954 & 1955 Juan Manuel Fangio
87%
1952 & 1953 Alberto Ascari
82%
1959 & 1960 Jack Brabham
71%
No matching quizzes found
Score Distribution
Percent of People with Each Score
Percentile by Number Answered
Your Score History
You have not taken this quiz